Statistics for Ultimate Movie Songs Quiz

Click here to take the quiz!

General Stats

  • This quiz has been taken 19,102 times
  • The average score is 18 of 50

Answer Stats

SongMovie% Correct
Under the SeaThe Little Mermaid
83%
Ding-Dong! The Witch is DeadThe Wizard of Oz
82%
(I've Got A) Golden TicketWilly Wonka &
the Chocolate Factory
76%
Hopelessly Devoted to YouGrease
73%
You've Got a Friend in MeToy Story
71%
Stayin' AliveSaturday Night Fever
69%
I Will Always Love YouThe Bodyguard
65%
When You Wish Upon a StarPinocchio
61%
Everything is AwesomeThe Lego Movie
54%
You've Got to Pick a
Pocket or Two
Oliver!
53%
Don't You Forget About MeThe Breakfast Club
53%
I Don't Want to Miss a ThingArmageddon
47%
All That JazzChicago
47%
Lady MarmaladeMoulin Rouge!
47%
Unchained MelodyGhost
45%
Bohemian RhapsodyWayne's World
45%
HappyDespicable Me 2
41%
The Power of LoveBack to the Future
40%
ManiacFlashdance
40%
How Far I'll GoMoana
40%
Streets of PhiladelphiaPhiladelphia
40%
(Everything I Do) I Do
It For You
Robin Hood:
Prince of Thieves
40%
You've Lost That Loving FeelingTop Gun
39%
Moon RiverBreakfast at Tiffany's
38%
I Believe I Can FlySpace Jam
38%
Gonna Fly NowRocky
37%
When Doves CryPurple Rain
33%
Blame CanadaSouth Park
33%
Rainbow ConnectionThe Muppet Movie
33%
Wind Beneath My WingsBeaches
32%
You Can't Stop the BeatHairspray
27%
Day-O (The Banana Boat Song)Beetlejuice
25%
Ride of the ValkyriesApocalypse Now
24%
City of StarsLa La Land
23%
Every Sperm is SacredMonty Python's
The Meaning of Life
23%
Man of Constant SorrowO Brother, Where
Art Thou?
22%
Old Time Rock and RollRisky Business
22%
I Could Have Danced All NightMy Fair Lady
21%
Diamonds are a Girl's
Best Friend
Gentlemen Prefer
Blondes
20%
Bang Bang (My Baby
Shot Me Down)
Kill Bill: Volume 1
19%
Thus Spoke Zarathustra2001: A Space Odyssey
17%
Oh YeahFerris Bueller's Day Off
15%
Hip to Be SquareAmerican Psycho
14%
You're the BestThe Karate Kid
14%
StonehengeThis is Spinal Tap
14%
I Got You BabeGroundhog Day
13%
Just Dropped In (To See What
Condition My Condition Was In)
The Big Lebowski
11%
Fight the PowerDo the Right Thing
9%
The Ecstasy of GoldThe Good, the Bad
and the Ugly
9%
New SlangGarden State
6%

Score Distribution

Percentile by Number Answered

Percent of People with Each Score

Your Score History

You have not taken this quiz